Automatic stabilisers and market flexibility in EMU is there a trade-off?
Salvato in:
| Autore principale: | |
|---|---|
| Altri autori: | , |
| Natura: | Libro |
| Lingua: | inglese |
| Pubblicazione: |
Paris
OECD
2002
|
| Serie: | Economics department working papers
No. 335 |
| Soggetti: | |
| Tags: |
Nessun Tag, puoi essere il primo ad aggiungerne!!
|
MARC
| LEADER | 00000nam a2200000 4500 | ||
|---|---|---|---|
| 001 | c142199 | ||
| 005 | 20221124091747.9 | ||
| 041 | 0 | |a eng | |
| 044 | |a FR | ||
| 245 | 1 | 0 | |a Automatic stabilisers and market flexibility in EMU |b is there a trade-off? |c by Marco Buti, Carlos Martinez-Mongay and Paul van den Noord |
| 264 | 1 | |a Paris |b OECD |c 2002 | |
| 300 | |a 27 s. | ||
| 490 | 1 | |a Economics department working papers |v No. 335 | |
| 830 | 0 | |a Economics department working papers |v No. 335 | |
| 610 | 2 | 0 | |a únie menové |
| 610 | 2 | 0 | |a Európska menová únia |
| 610 | 2 | 0 | |a trh |
| 610 | 2 | 0 | |a flexibilita |
| 610 | 2 | 0 | |a politika fiškálna |
| 610 | 2 | 0 | |a únie hospodárske |
| 610 | 2 | 0 | |a dane |
| 610 | 2 | 0 | |a analýzy |
| 610 | 2 | 0 | |a stabilizácia hospodárstva |
| 610 | 2 | 0 | |a inflácia |
| 610 | 2 | 0 | |a svet |
| 610 | 2 | 0 | |a Európa |
| 100 | 1 | |a Buti, Marco | |
| 700 | 1 | |a Martinez-Mongay, Carlos | |
| 700 | 1 | |a Noord, Paul van den | |